Speciální technologie : technologie tváření /
Uložené v:
| Hlavný autor: | |
|---|---|
| Médium: | Kniha |
| Jazyk: | Czech |
| Vydané: |
Orstrava :
Vysoká škola báňská,
1985.
|
| Fyzický popis: |
iii, 234 strán : grafy, obrázky, tabuľky ; 29 cm. |
| Tagy: |
Pridať tag
Žiadne tagy, Buďte prvý kto otaguje tento záznam!
|
Titul je dostupný aj v ... 

MARC
| LEADER | 00000nam a22000002i 4500 | ||
|---|---|---|---|
| 001 | 000720331 | ||
| 005 | 20241017081803.0 | ||
| 008 | 241017s1985 xr dfl f p 000 0 cze d | ||
| 020 | |c Kčs 19,50 |q (brožované) | ||
| 040 | |a SVKKK |b slo |c SVKKK |e rda | ||
| 041 | 0 | |a cze | |
| 044 | |a xr |c CZ | ||
| 100 | 1 | |a Březina, Richard |4 aut | |
| 245 | 1 | 0 | |a Speciální technologie : |b technologie tváření / |c Richard Březina. |
| 264 | 1 | |a Orstrava : |b Vysoká škola báňská, |c 1985. | |
| 300 | |a iii, 234 strán : |b grafy, obrázky, tabuľky ; |c 29 cm. | ||
| 336 | |a text |b txt |2 rdacontent | ||
| 337 | |a bez média |b n |2 rdamedia | ||
| 338 | |a zväzok |b nc |2 rdacarrier | ||
| 366 | |e 300 kusov | ||
| 500 | |a Záznam revízie | ||
| 504 | |a Obsahuje bibliografické odkazy | ||
| 910 | |a svkkk | ||
| 998 | |a BK | ||
| 090 | |g SCKHL |k Sklad Pribinova 3. posch. |a V.154361 |j 710944 |i 2720977799 |s Absenčne | ||
| 090 | |g SCKHL |k Sklad Pribinova 3. posch. |a V.154362 |j 710945 |i 2721118560 |4 Duplikát |s Vyradená | ||